ბათუმის შოთა რუსთაველის სახელმწიფო უნივერსიტეტის ბიბლიოთეკა

კანონისმიერი ვალდებულებითი ურთიერთობები : საზიარო უფლებები, დავალების გარეშე სხვისი საქმეების შესრულება, უსაფუძვლო გამდიდრება, დელიქტური ვალდებულებები : (ბიბ.ჩანაწერი № 53840)

000 -ლიდერი
ფიქსირებული სიგრძის საკონტროლო ველი 02129nam a2200313Ia 4500
001 - საკონტროლო ნომერი
საკონტროლო ველი 20891
003 - საკონტროლო ნომრის იდენტიფიკატორი
საკონტროლო ველი GE_BSU
005 - ბოლო ოპერაციის თარიღი და დრო
საკონტროლო ველი 20210610172339.0
008 - ფიქსირებული სიგრძის მონაცემთა ელემენტები - ზოგადი ინფორმაცია
ფიქსირებული სიგრძის საკონტროლო ველი 181216s2016||||ge |||||||||||||| ||geo||
020 ## - წიგნის საერთაშორისო სტანდარტული ნომერი
International Standard Book Number 9789941947803
040 ## - კატალოგიზაციის წყარო
Transcribing agency GE_BSU
041 ## - ენის კოდი
Language code of text/sound track or separate title geo
080 ## - უნივერსალური ათობითი კლასიფიკაციის ინდექსი
Universal Decimal Classification number 347.5 ბ-73
100 ## - მთავარი ჩანაწერი - პიროვნების სახელი
Personal name ბიჭია, მიხეილ
9 (RLIN) 8142
245 ## - ცნობა სათაურის შესახებ
Title კანონისმიერი ვალდებულებითი ურთიერთობები : საზიარო უფლებები, დავალების გარეშე სხვისი საქმეების შესრულება, უსაფუძვლო გამდიდრება, დელიქტური ვალდებულებები :
Remainder of title დამხმარე სახელმძღვ. /
Statement of responsibility, etc მიხეილ ბიჭია ; რედაქტორი მარიამ ცისკაძე.
264 ## - წარმოების, გამოცემის, დისტრიბუციის და სხვა ცნობები
გამოცემის, წარმოების, დისტრიბუციის... ადგილი თბილისი :
გამოცემის, წარმოების, დისტრიბუციის... სახელწოდება ბონა კაუზა,
გამოცემის, წარმოების, დისტრიბუციის... თარიღი 2016.
300 ## - ფიზიკური აღწერა
Extent 447 გვ. ;
Dimensions 20 სმ.
490 ## - სერიის ცნობა
Series statement იურისტის ბიბლიოთეკა
500 ## - ზოგადი შენიშვნა
General note გამოყენებული ლიტერატურა გვ. : 407-439
653 ## - INDEX TERM--UNCONTROLLED
Uncontrolled term არასახელშეკრულებო ვალდებულებების ადგილი ვალდებულებითი სამართლის სისტემაში და სხვა
653 ## - INDEX TERM--UNCONTROLLED
Uncontrolled term კანონისმიერი ვალდებულებების ადგილი სამოქალაქო სამართლის სისტემაში
653 ## - INDEX TERM--UNCONTROLLED
Uncontrolled term ვალდებულების ცნება და ელემენტები
653 ## - INDEX TERM--UNCONTROLLED
Uncontrolled term ვალდებულების სახეები
653 ## - INDEX TERM--UNCONTROLLED
Uncontrolled term სამართალი
653 ## - INDEX TERM--UNCONTROLLED
Uncontrolled term ვალდებულებითი სამართალი
700 ## - ADDED ENTRY--PERSONAL NAME
Personal name ცისკაძე, მარიამ
Relator term რედაქტორი
9 (RLIN) 8143
942 ## - ADDED ENTRY ELEMENTS (KOHA)
Koha item type წიგნი
Source of classification or shelving scheme
ეგზემპლარები
ჩამოწერის სტატუსი დაკარგული ეგზემპლარის სტატუსი კლასიფიკაციის წყარო ან თაროზე გაწყობის სქემა დაზიანების სტატუსი არ გაიცემა მუდმივი მდებარეობა (დაცვის ადგილი) ამჟამინდელი ადგილსამყოფელი თაროზე განთავსების ადგილი შეძენის თარიღი ღირებულება, შესყიდვის ნორმალური ფასი სრული შენახვის შიფრი შტრიხკოდი ბოლო ოპერაციის თარიღი ეგზემპლარის მიმდევრობითი ნომერი (კეტერი?) ფასის ძალაში შესვლის თარიღი ეგზემპლარის სახეობა საჯარო შენიშვნა
          ბათუმის შოთა რუსთაველის სახელმწიფო უნივერსიტეტის მთავარი ბიბლიოთეკა ბათუმის შოთა რუსთაველის სახელმწიფო უნივერსიტეტის მთავარი ბიბლიოთეკა წიგნსაცავი 2018-12-17 22.00 347.5 ბ-73 54470 2018-12-17 54470 2018-12-17 წიგნი 22.00 ₾.
          ბათუმის შოთა რუსთაველის სახელმწიფო უნივერსიტეტის მთავარი ბიბლიოთეკა ბათუმის შოთა რუსთაველის სახელმწიფო უნივერსიტეტის მთავარი ბიბლიოთეკა წიგნსაცავი   13.50 347.5 ბ-73 00555 (ქსეროქსი) 2021-06-14 00555 (ქსეროქსი) 2021-06-14 წიგნი 13.50 ₾.
          ბათუმის შოთა რუსთაველის სახელმწიფო უნივერსიტეტის მთავარი ბიბლიოთეკა ბათუმის შოთა რუსთაველის სახელმწიფო უნივერსიტეტის მთავარი ბიბლიოთეკა წიგნსაცავი 2021-06-14 13.50 347.5 ბ-73 00554 (ქსეროქსი) 2021-06-14 00554 (ქსეროქსი) 2021-06-14 წიგნი 13.50 ₾.